| 000 | 00307 a2200133 4500 | ||
|---|---|---|---|
| 999 |
_c324337 _d324337 |
||
| 001 | 89264 | ||
| 003 | NUST | ||
| 082 | _a891.4323 UMA | ||
| 100 |
_aUmaira Ahmed _9743 |
||
| 245 | _aAmar Bail | ||
| 260 |
_aLahore _bIlm-o-Irfan Publishers _c2011 |
||
| 300 | _a760p. | ||
| 500 | _aGeneral Books | ||
| 942 |
_aCAE NUST _cBK _k891.4323 UMA _2ddc |
||